000 00618cam a22002053a 4500
001 45915
003 PGUSA
005 20140828084054.0
008 140608s2014||||xxu|||||s|||||000 | eng d
040 _aPGUSA
_beng
042 _adc
100 1 _aCrosthwaite, Charles Haukes Todd,
_cSir,
_d1835-1915
245 1 4 _aThe Pacification of Burma
_h[electronic resource] /
_cCharles Haukes Todd, Crosthwaite
260 _bProject Gutenberg,
_c2014
506 _aPublic domain in the USA.
516 _aElectronic text
830 0 _aProject Gutenberg
_v45915
856 4 0 _uhttp://www.gutenberg.org/ebooks/45915
942 _cEB
999 _c275165
_d275165